[Event "South Wales New Year 2020"]
[Site "Bridgend"]
[Date "2020.01.03"]
[Round "1.1"]
[White "Kozusek, Daniel"]
[Black "Robinson, David"]
[Result "1-0"]
[WhiteElo "2335"]
[BlackElo "1860"]
[PlyCount "53"]
[EventDate "2020.01.03"]
[EventType "swiss"]
[EventRounds "5"]
[EventCountry "WLS"]
[SourceDate "2020.01.04"]

1. d4 f5 2. Nc3 d5 3. Bg5 Nf6 4. Bxf6 exf6 5. e3 c6 6. Bd3 Bd6 7. Qf3 g6 8.
Nge2 Na6 9. a3 Qc7 10. h3 O-O 11. O-O-O b5 12. Bxb5 Rb8 13. Ba4 Qb7 14. Bb3 Be6
15. Nf4 Bf7 16. g4 g5 17. Nd3 fxg4 18. hxg4 Qe7 19. Rde1 Bg6 20. e4 Rxb3 21.
exd5 Rxa3 22. Rxe7 Ra1+ 23. Kd2 Rxh1 24. Rd7 Bxd3 25. Qxh1 Bf4+ 26. Kxd3 Nb4+
27. Kc4 1-0

[Event "South Wales New Year 2020"]
[Site "Bridgend"]
[Date "2020.01.03"]
[Round "1.2"]
[White "Turner, Joseph David"]
[Black "Toczek, Grzegorz"]
[Result "0-1"]
[WhiteElo "1851"]
[BlackElo "2263"]
[PlyCount "79"]
[EventDate "2020.01.03"]
[EventType "swiss"]
[EventRounds "5"]
[EventCountry "WLS"]
[SourceDate "2020.01.04"]

1. e4 c5 2. Nf3 Nc6 3. d4 cxd4 4. Nxd4 Nf6 5. Nc3 d6 6. f3 e5 7. Nb3 Be6 8. Nd5
Bxd5 9. exd5 Ne7 10. Bb5+ Nd7 11. Be3 Nf5 12. Bf2 Be7 13. Qd3 g6 14. Qe2 Bg5
15. g3 Kf8 16. h4 Bh6 17. g4 Ne7 18. g5 Bg7 19. O-O-O Nf5 20. Kb1 h5 21. c4 a6
22. Bxd7 Qxd7 23. c5 Kg8 24. Qe4 Kh7 25. c6 bxc6 26. dxc6 Qe6 27. Rc1 a5 28.
Rhd1 a4 29. Na1 Ne7 30. Qc4 d5 31. Qc5 Rhc8 32. c7 d4 33. Nc2 Nd5 34. Bxd4 Rxc7
35. Qb5 exd4 36. Nxd4 Rxc1+ 37. Kxc1 Bxd4 38. Qd3 Nf4 39. Qb5 Be5 40. Kb1 0-1

[Event "South Wales New Year 2020"]
[Site "Bridgend"]
[Date "2020.01.03"]
[Round "1.3"]
[White "Britton, Richard L"]
[Black "Downey, Keith"]
[Result "1/2-1/2"]
[WhiteElo "2162"]
[BlackElo "1820"]
[PlyCount "53"]
[EventDate "2020.01.03"]
[EventType "swiss"]
[EventRounds "5"]
[EventCountry "WLS"]
[SourceDate "2020.01.04"]

1. e4 c5 2. Nf3 d6 3. d3 Nc6 4. g3 g6 5. Bg2 Bg7 6. O-O Nf6 7. c3 O-O 8. Re1 e5
9. a3 h6 10. b4 a6 11. Bb2 Rb8 12. Nbd2 Re8 13. Qc2 b5 14. d4 c4 15. d5 Ne7 16.
Nf1 Bb7 17. Ne3 Nc8 18. a4 Nb6 19. axb5 axb5 20. Ra5 Qd7 21. Rea1 Ra8 22. h4
Reb8 23. Kh2 Bc8 24. Ng1 Qe8 25. Bc1 Ng4+ 26. Nxg4 Bxg4 27. f3 1/2-1/2

[Event "South Wales New Year 2020"]
[Site "Bridgend"]
[Date "2020.01.03"]
[Round "1.4"]
[White "Buttell, David"]
[Black "Heap, Gerry"]
[Result "0-1"]
[WhiteElo "1805"]
[BlackElo "2108"]
[PlyCount "108"]
[EventDate "2020.01.03"]
[EventType "swiss"]
[EventRounds "5"]
[EventCountry "WLS"]
[SourceDate "2020.01.04"]

1. d4 Nf6 2. c4 e6 3. Nf3 d5 4. Nc3 Bb4 5. cxd5 exd5 6. Qa4+ Nc6 7. Ne5 Bd7 8.
Nxc6 Bxc3+ 9. bxc3 Bxc6 10. Qb4 Ne4 11. Ba3 Qf6 12. f3 a5 13. Qe7+ Qxe7 14.
Bxe7 Nxc3 15. Bh4 a4 16. Kd2 Nb5 17. e3 O-O 18. Bd3 Rfe8 19. Bg3 Re7 20. Rhc1
Rae8 21. Bxb5 Bxb5 22. Rc3 Bc4 23. a3 b5 24. Rb1 h5 25. Re1 f6 26. Bf2 Kf7 27.
Rcc1 g5 28. h3 Kg6 29. Rh1 f5 30. Rhe1 Kf7 31. h4 g4 32. f4 g3 33. Bg1 Rg8 34.
Kc3 Rg4 35. Kb4 Rxh4 36. Kc5 Rg4 37. Red1 Rg6 38. Rc3 Ree6 39. Kb4 h4 40. Re1
Re4 41. Rcc1 Ke7 42. Rc3 Kd7 43. Rcc1 Rh6 44. Rc2 c5+ 45. Kxc5 b4 46. Rxc4 dxc4
47. Kxb4 Rc6 48. Kc3 Kc7 49. Rb1 Rb6 50. Rc1 Kd6 51. Kd2 Kd5 52. Rc3 Rb1 53.
Rc1 Rxc1 54. Kxc1 Re7 0-1

[Event "South Wales New Year 2020"]
[Site "Bridgend"]
[Date "2020.01.03"]
[Round "1.5"]
[White "Pleasants, Allan J"]
[Black "Dixon, Chris"]
[Result "1-0"]
[WhiteElo "2046"]
[BlackElo "1748"]
[PlyCount "71"]
[EventDate "2020.01.03"]
[EventType "swiss"]
[EventRounds "5"]
[EventCountry "WLS"]
[SourceDate "2020.01.04"]

1. Nf3 d5 2. g3 Nf6 3. Bg2 e6 4. O-O Be7 5. c4 O-O 6. cxd5 exd5 7. d4 c6 8. Nc3
b6 9. Ne5 Bb7 10. e4 dxe4 11. Nxe4 Nd5 12. Nc3 Na6 13. Nxd5 cxd5 14. Re1 Nc7
15. a3 Bf6 16. Be3 Ne6 17. f4 Bxe5 18. dxe5 Rc8 19. f5 Nc5 20. Qg4 Re8 21. Bg5
Qd7 22. Bf6 g6 23. e6 Qd6 24. Rad1 Qf8 25. Qh4 h5 26. Qg5 Kh7 27. Bxd5 Bxd5 28.
Rxd5 Qg8 29. e7 Nb7 30. b4 Rc4 31. Bd4 a5 32. b5 Nc5 33. Bxc5 bxc5 34. f6 Rg4
35. Qe5 c4 36. h3 1-0

[Event "South Wales New Year 2020"]
[Site "Bridgend"]
[Date "2020.01.03"]
[Round "1.6"]
[White "Greatorex, Roger"]
[Black "Bullen, Alex"]
[Result "1/2-1/2"]
[WhiteElo "1729"]
[BlackElo "2039"]
[PlyCount "85"]
[EventDate "2020.01.03"]
[EventType "swiss"]
[EventRounds "5"]
[EventCountry "WLS"]
[SourceDate "2020.01.04"]

1. d4 d5 2. c4 e6 3. Nc3 Nf6 4. cxd5 exd5 5. Bg5 Nbd7 6. e3 c6 7. Qc2 Be7 8.
Bd3 Nh5 9. Bxe7 Qxe7 10. Nge2 g6 11. O-O-O Nb6 12. Nf4 Ng7 13. e4 Qf6 14. g3 g5
15. Ng2 Ne6 16. exd5 Nxd4 17. Rde1+ Be6 18. Ne4 Qf3 19. Qc3 O-O-O 20. Qxd4 Qxg2
21. Nd6+ Rxd6 22. Qxh8+ Rd8 23. Qxh7 Qxd5 24. Rd1 Qxa2 25. Bb1 Qa5 26. Rxd8+
Kxd8 27. Qh8+ Kc7 28. Qd4 Na4 29. Rd1 Bd5 30. Be4 Qb5 31. Bxd5 cxd5 32. Qe5+
Kc8 33. Kb1 Nb6 34. Qxg5 Nc4 35. Qg8+ Kc7 36. Qxf7+ Kb8 37. Qf8+ Kc7 38. Qe7+
Kc8 39. Qf6 Qb3 40. Qf5+ Kb8 41. Qf8+ Kc7 42. Qc5+ Kb8 43. Qf8+ 1/2-1/2

[Event "South Wales New Year 2020"]
[Site "Bridgend"]
[Date "2020.01.03"]
[Round "1.7"]
[White "Clark, Ian C"]
[Black "Thomas, Roy"]
[Result "1-0"]
[WhiteElo "1957"]
[BlackElo "1689"]
[PlyCount "143"]
[EventDate "2020.01.03"]
[EventType "swiss"]
[EventRounds "5"]
[EventCountry "WLS"]
[SourceDate "2020.01.04"]

1. e4 c5 2. Nf3 Nc6 3. Nc3 d6 4. Bc4 Nf6 5. h3 g6 6. O-O Bg7 7. a4 O-O 8. d3 a6
9. Bg5 e6 10. Qd2 Qc7 11. Bh6 Bd7 12. Bxg7 Kxg7 13. Rfd1 Nd4 14. Nxd4 cxd4 15.
Ne2 e5 16. Bb3 Qc8 17. Kh2 Qc5 18. f4 h5 19. f5 Nh7 20. Rf1 gxf5 21. exf5 e4
22. dxe4 Qe5+ 23. Rf4 f6 24. Qxd4 Bc6 25. Qxe5 fxe5 26. Rf2 Nf6 27. Nc3 Nxe4
28. Nxe4 Bxe4 29. Be6 Rae8 30. Raf1 Kf6 31. Rd1 Rd8 32. Bd5 Bxd5 33. Rxd5 Kg5
34. Rfd2 Rf6 35. Rxe5 Rxf5 36. Re7 b5 37. Ra7 bxa4 38. Rxa6 Rb5 39. Rxa4 Rxb2
40. Ra5+ Kg6 41. Ra6 Kg7 42. Rc6 d5 43. Rc5 Kg6 44. Kg3 Ra2 45. Rd3 Rd6 46. Kf3
Rb2 47. Ke2 Ra2 48. Kd2 Rf6 49. Rg3+ Kh6 50. Ke2 Rb2 51. Rf3 Rg6 52. g3 Ra2 53.
Kd2 Rg5 54. Rd3 d4 55. Rxg5 Kxg5 56. Rxd4 Ra3 57. Rd3 Ra4 58. Ke3 Ra2 59. Rc3
Ra4 60. Rc5+ Kg6 61. c3 Kh6 62. Rd5 Kg6 63. Rd4 Ra3 64. Kd3 Ra2 65. Rf4 Rg2 66.
Rf3 Kg5 67. c4 h4 68. gxh4+ Kxh4 69. Kd4 Rd2+ 70. Kc5 Rd1 71. Kc6 Rd2 72. c5
1-0

[Event "South Wales New Year 2020"]
[Site "Bridgend"]
[Date "2020.01.03"]
[Round "1.8"]
[White "Pinch, David"]
[Black "May, Adam J"]
[Result "1/2-1/2"]
[WhiteElo "1669"]
[BlackElo "1956"]
[PlyCount "56"]
[EventDate "2020.01.03"]
[EventType "swiss"]
[EventRounds "5"]
[EventCountry "WLS"]
[SourceDate "2020.01.04"]

1. Nf3 d5 2. d4 Nf6 3. c4 e6 4. g3 Bb4+ 5. Bd2 Bd6 6. Bg2 c6 7. O-O O-O 8. cxd5
exd5 9. Bg5 Nbd7 10. Nc3 h6 11. Bxf6 Nxf6 12. Qc2 Re8 13. a3 a5 14. e3 Bg4 15.
Ne1 Qd7 16. Nd3 Bh3 17. Na4 Bxg2 18. Kxg2 Qf5 19. Rac1 Qe4+ 20. Kg1 Nh7 21. Nc3
Qe7 22. Qe2 Ng5 23. Rce1 Qd7 24. f4 Ne4 25. Nxe4 dxe4 26. Ne5 Qe7 27. Rc1 Rad8
28. Qc4 Qe6 1/2-1/2

[Event "South Wales New Year 2020"]
[Site "Bridgend"]
[Date "2020.01.03"]
[Round "1.9"]
[White "Gay, Conor"]
[Black "Ong, Weng Yan"]
[Result "1/2-1/2"]
[WhiteElo "1946"]
[BlackElo "1653"]
[PlyCount "119"]
[EventDate "2020.01.03"]
[EventType "swiss"]
[EventRounds "5"]
[EventCountry "WLS"]
[SourceDate "2020.01.04"]

1. e4 e6 2. d4 d5 3. e5 c5 4. c3 Nc6 5. Nf3 Qb6 6. Be2 cxd4 7. cxd4 Nge7 8. Na3
Nf5 9. Nc2 Bb4+ 10. Kf1 Be7 11. g4 Nh4 12. Nxh4 Bxh4 13. Kg2 f6 14. f4 fxe5 15.
fxe5 O-O 16. Rf1 Be7 17. Rxf8+ Kxf8 18. a3 Bd7 19. Be3 Kg8 20. b4 Rc8 21. Bd3
Nd8 22. Qe2 a6 23. Ne1 Nf7 24. Nf3 Qd8 25. h4 h6 26. g5 hxg5 27. hxg5 Bxg5 28.
Nxg5 Nxg5 29. Qh5 Nf7 30. Rf1 Be8 31. Qh7+ Kf8 32. Qh8+ Ke7 33. Qxg7 Kd7 34.
Bg6 Qh4 35. Rxf7+ Bxf7 36. Qxf7+ Qe7 37. Qxe7+ Kxe7 38. Kf2 Rc3 39. Bg5+ Kd7
40. Bh6 Rxa3 41. Bf8 b6 42. Ke2 Rc3 43. Kd2 Rc4 44. Kd3 a5 45. bxa5 bxa5 46.
Bh5 a4 47. Bc5 Rc1 48. Kd2 Rxc5 49. dxc5 Kc6 50. Be8+ Kxc5 51. Bxa4 Kd4 52. Bd7
Kxe5 53. Bc8 Kd6 54. Ke3 e5 55. Bb7 Kc5 56. Bxd5 Kxd5 57. Kd3 e4+ 58. Ke3 Ke5
59. Ke2 Kd4 60. Kd2 1/2-1/2

[Event "South Wales New Year 2020"]
[Site "Bridgend"]
[Date "2020.01.03"]
[Round "1.10"]
[White "Morgans, Justin"]
[Black "Payne, David J"]
[Result "1/2-1/2"]
[WhiteElo "1613"]
[BlackElo "1943"]
[PlyCount "63"]
[EventDate "2020.01.03"]
[EventType "swiss"]
[EventRounds "5"]
[EventCountry "WLS"]
[SourceDate "2020.01.04"]

1. e4 c5 2. Nc3 Nc6 3. f4 g6 4. Bc4 Bg7 5. Nf3 d6 6. h3 e6 7. O-O a6 8. a3 b5
9. Ba2 Nge7 10. d3 Nd4 11. Ne2 Bb7 12. Nexd4 cxd4 13. Bd2 Qb6 14. Kh1 O-O 15.
Qe1 h6 16. c3 d5 17. cxd4 dxe4 18. dxe4 a5 19. b4 a4 20. Bc3 Rac8 21. Rc1 Qd6
22. e5 Qd7 23. Qf2 Nd5 24. Bd2 Rxc1 25. Rxc1 Rc8 26. Rxc8+ Qxc8 27. Qe2 Nc3 28.
Bxc3 Qxc3 29. d5 exd5 30. e6 Qa1+ 31. Kh2 Qf6 32. exf7+ 1/2-1/2

[Event "South Wales New Year 2020"]
[Site "Bridgend"]
[Date "2020.01.03"]
[Round "1.11"]
[White "Fathallah, Joe"]
[Black "Bennett, Tom"]
[Result "1-0"]
[WhiteElo "1919"]
[BlackElo "1594"]
[PlyCount "23"]
[EventDate "2020.01.03"]
[EventType "swiss"]
[EventRounds "5"]
[EventCountry "WLS"]
[SourceDate "2020.01.04"]

1. d4 Nf6 2. c4 c5 3. d5 b5 4. cxb5 a6 5. Nc3 axb5 6. e4 b4 7. Nb5 Nxe4 8. Qe2
Qb6 9. Qxe4 Ba6 10. d6 Nc6 11. Nc7+ Kd8 12. Nxa8 1-0

[Event "South Wales New Year 2020"]
[Site "Bridgend"]
[Date "2020.01.03"]
[Round "1.12"]
[White "Chung, Joel"]
[Black "Van Kemenade, Rudy"]
[Result "1-0"]
[WhiteElo "1486"]
[BlackElo "1883"]
[PlyCount "106"]
[EventDate "2020.01.03"]
[EventType "swiss"]
[EventRounds "5"]
[EventCountry "WLS"]
[SourceDate "2020.01.04"]

1. e4 d6 2. d4 Nf6 3. Nc3 c6 4. Bg5 Nbd7 5. f4 Qa5 6. Qf3 e5 7. O-O-O Be7 8.
Bc4 b5 9. Bb3 exd4 10. Rxd4 c5 11. Rd2 Bb7 12. Bxf6 Nxf6 13. Bd5 Nxd5 14. Nxd5
Bxd5 15. Rxd5 Qxa2 16. e5 dxe5 17. Rxe5 Qa1+ 18. Kd2 O-O-O+ 19. Ke2 Qd1+ 20.
Kf2 Qxf3+ 21. Nxf3 Bd6 22. Rd5 Kc7 23. Ne5 Bxe5 24. Rxc5+ Kb6 25. Rxe5 Rd2+ 26.
Re2 Rxe2+ 27. Kxe2 Re8+ 28. Kf3 Rc8 29. c3 Rd8 30. Ke3 Kc5 31. Ra1 Rd7 32. b3
f5 33. g3 Kb6 34. Ra2 a5 35. c4 bxc4 36. bxc4 Rd1 37. c5+ Kb5 38. Rb2+ Kxc5 39.
Rb7 a4 40. Rxg7 a3 41. Ra7 Kb4 42. Rb7+ Kc3 43. Ra7 Kb2 44. Rb7+ Ka1 45. Rxh7
a2 46. Rc7 Kb2 47. Rb7+ Kc3 48. Rc7+ Kb4 49. Rb7+ Kc5 50. Rf7 a1=Q 51. Rxf5+
Rd5 52. Rf8 Qc3+ 53. Kf2 Rd2+ 1-0

[Event "South Wales New Year 2020"]
[Site "Bridgend"]
[Date "2020.01.04"]
[Round "2.1"]
[White "Clark, Ian C"]
[Black "Kozusek, Daniel"]
[Result "1/2-1/2"]
[WhiteElo "1957"]
[BlackElo "2335"]
[PlyCount "74"]
[EventDate "2020.01.03"]
[EventType "swiss"]
[EventRounds "5"]
[EventCountry "WLS"]
[SourceDate "2020.01.04"]

1. e4 c5 2. Nf3 d6 3. d4 cxd4 4. Nxd4 Nf6 5. Nc3 Nc6 6. Be2 e5 7. Nb3 Be7 8.
O-O O-O 9. Kh1 a5 10. Be3 a4 11. Nd2 a3 12. b3 Be6 13. Nc4 b5 14. Nxb5 Nxe4 15.
f3 Bxc4 16. fxe4 Be6 17. c4 Qd7 18. Bf3 g6 19. Bc1 f5 20. exf5 gxf5 21. Bxc6
Qxc6 22. Bxa3 Rxa3 23. Nxa3 d5 24. Nc2 dxc4 25. Ne3 c3 26. Qf3 Qxf3 27. gxf3
Ba3 28. Rae1 f4 29. Nc4 Bxc4 30. bxc4 Rc8 31. Rf2 Rxc4 32. Rc2 Rc5 33. Kg2 Bb2
34. Ree2 Rb5 35. a4 Ra5 36. Re4 Kf7 37. Kf2 Ke6 1/2-1/2

[Event "South Wales New Year 2020"]
[Site "Bridgend"]
[Date "2020.01.04"]
[Round "2.2"]
[White "Toczek, Grzegorz"]
[Black "Fathallah, Joe"]
[Result "1-0"]
[WhiteElo "2263"]
[BlackElo "1919"]
[PlyCount "73"]
[EventDate "2020.01.03"]
[EventType "swiss"]
[EventRounds "5"]
[EventCountry "WLS"]
[SourceDate "2020.01.04"]

1. e4 e6 2. d4 d5 3. Nd2 Nc6 4. Ngf3 Nf6 5. e5 Nd7 6. c4 Nb6 7. a3 dxc4 8. Nxc4
Be7 9. Be3 O-O 10. Rc1 f6 11. Bd3 Nxc4 12. Rxc4 fxe5 13. dxe5 Rxf3 14. gxf3
Nxe5 15. Rd4 Qf8 16. Be4 Nc6 17. Rd2 e5 18. Qc2 h6 19. Rg1 Kh8 20. Rg6 Bf6 21.
Bxc6 bxc6 22. Bxh6 Rb8 23. Bg5 Bxg5 24. Rxg5 Be6 25. Rh5+ Kg8 26. Qh7+ Kf7 27.
Rxe5 Rb5 28. Rxb5 cxb5 29. Qh4 Qc5 30. Qf4+ Kg6 31. Qe3 Qe7 32. Re2 Kf7 33.
Qxa7 Qd6 34. Qe3 Bc4 35. Qe5 Qc6 36. Qe7+ Kg6 37. Qe4+ 1-0

[Event "South Wales New Year 2020"]
[Site "Bridgend"]
[Date "2020.01.04"]
[Round "2.3"]
[White "Heap, Gerry"]
[Black "Gay, Simon"]
[Result "0-1"]
[WhiteElo "2108"]
[BlackElo "1863"]
[PlyCount "76"]
[EventDate "2020.01.03"]
[EventType "swiss"]
[EventRounds "5"]
[EventCountry "WLS"]
[SourceDate "2020.01.04"]

1. g3 Nf6 2. Bg2 g6 3. c4 Bg7 4. Nc3 O-O 5. Nf3 d6 6. d3 Nbd7 7. Rb1 c6 8. b4
Qc7 9. O-O e5 10. Qb3 Rb8 11. Be3 b6 12. Rfc1 Ng4 13. Bd2 Re8 14. a4 h6 15. Qa2
Bb7 16. Nh4 Kh7 17. c5 d5 18. b5 Nxc5 19. bxc6 Bxc6 20. Nxd5 Qd7 21. h3 e4 22.
Nb4 Ne5 23. Nxc6 Nxc6 24. Be3 Nd4 25. dxe4 Nxe4 26. Rb4 Nxg3 27. fxg3 Rxe3 28.
Rd1 Rd8 29. Kf2 Qe7 30. Rb2 Re8 31. Re1 Rxg3 32. Kxg3 Be5+ 33. Kf2 Qxh4+ 34.
Kf1 Qf4+ 35. Kg1 Qe3+ 36. Kf1 Re6 37. Bf3 Bg3 38. Rd1 Qf2# 0-1

[Event "South Wales New Year 2020"]
[Site "Bridgend"]
[Date "2020.01.04"]
[Round "2.4"]
[White "Van Kemenade, Rudy"]
[Black "Pleasants, Allan J"]
[Result "1-0"]
[WhiteElo "1883"]
[BlackElo "2046"]
[PlyCount "85"]
[EventDate "2020.01.03"]
[EventType "swiss"]
[EventRounds "5"]
[EventCountry "WLS"]
[SourceDate "2020.01.04"]

1. Nf3 g6 2. c4 Bg7 3. Nc3 d6 4. d4 Nf6 5. e4 O-O 6. h3 Na6 7. Bg5 e5 8. d5 h6
9. Be3 Nc5 10. Nd2 a5 11. a3 Ne8 12. b4 axb4 13. axb4 Rxa1 14. Qxa1 Nd7 15. g4
f5 16. gxf5 gxf5 17. exf5 Ndf6 18. Rg1 Bxf5 19. Bxh6 Kh8 20. Bg5 Qd7 21. Qd1 c6
22. Qf3 Bh7 23. Qe3 Qf5 24. f3 Qc2 25. Nde4 cxd5 26. Bd3 Qb3 27. Nxd5 Nxd5 28.
cxd5 Qxb4+ 29. Kf2 Qb2+ 30. Be2 Qb4 31. Kg2 Nf6 32. Bxf6 Bxf6 33. Qh6 Bg7 34.
Qxd6 Qb2 35. Ng3 e4 36. f4 e3 37. Kf3 b5 38. Nh5 Rg8 39. Nxg7 Rxg7 40. Rxg7
Qxg7 41. Bxb5 Qg1 42. Qe5+ Kg8 43. Qg5+ 1-0

[Event "South Wales New Year 2020"]
[Site "Bridgend"]
[Date "2020.01.04"]
[Round "2.5"]
[White "Sivarajasingam, Shayanna"]
[Black "Britton, Richard L"]
[Result "1-0"]
[WhiteElo "1778"]
[BlackElo "2162"]
[PlyCount "121"]
[EventDate "2020.01.03"]
[EventType "swiss"]
[EventRounds "5"]
[EventCountry "WLS"]
[SourceDate "2020.01.04"]

1. e4 c5 2. Nf3 d6 3. Bb5+ Bd7 4. Bxd7+ Qxd7 5. O-O Nf6 6. Re1 e6 7. c4 Be7 8.
Nc3 O-O 9. d4 cxd4 10. Nxd4 a6 11. Be3 Rc8 12. Qe2 Qc7 13. Rac1 Nbd7 14. b3 b6
15. f3 Qb7 16. Qd2 Bf8 17. Red1 Rc7 18. Bf2 Rac8 19. Bg3 Ne5 20. Rc2 h6 21.
Rcc1 Nc6 22. Bf2 Be7 23. Be3 Nd7 24. Kh1 Bf8 25. Kg1 Nxd4 26. Bxd4 b5 27. cxb5
axb5 28. Ne2 d5 29. exd5 Qxd5 30. Rxc7 Rxc7 31. Be3 Nf6 32. Qxd5 Nxd5 33. Rc1
Rxc1+ 34. Bxc1 Bc5+ 35. Kf1 Kf8 36. Ke1 Ke7 37. Kd2 Kd6 38. a3 f5 39. Kd3 e5
40. Nc3 Nxc3 41. Kxc3 Kd5 42. Kd3 e4+ 43. fxe4+ fxe4+ 44. Ke2 Bd6 45. g3 Kd4
46. Bb2+ Kd5 47. Bxg7 h5 48. a4 bxa4 49. bxa4 Bc7 50. Bc3 Kc4 51. Be1 Kd4 52.
a5 e3 53. h3 Ke4 54. a6 Bb6 55. Bb4 Ba7 56. Bf8 Bb6 57. Bh6 Ba7 58. g4 hxg4 59.
hxg4 Bb6 60. g5 Kf5 61. g6 1-0

[Event "South Wales New Year 2020"]
[Site "Bridgend"]
[Date "2020.01.04"]
[Round "2.6"]
[White "Bullen, Alex"]
[Black "Sivarajasingam, Venetia"]
[Result "1-0"]
[WhiteElo "2039"]
[BlackElo "1742"]
[PlyCount "111"]
[EventDate "2020.01.03"]
[EventType "swiss"]
[EventRounds "5"]
[EventCountry "WLS"]
[SourceDate "2020.01.04"]

1. d4 d5 2. Nf3 Nf6 3. c4 e6 4. g3 Be7 5. Bg2 O-O 6. O-O Nbd7 7. Qc2 c5 8. cxd5
Nxd5 9. Nc3 Nb4 10. Qb1 Nf6 11. Rd1 cxd4 12. Nxd4 Qc7 13. Ndb5 Qb6 14. Be3 Bc5
15. Rd6 Nc6 16. Bxc5 Qxc5 17. Qd1 a6 18. Na3 Ng4 19. Ne4 Qh5 20. h3 Nge5 21. e3
Qg6 22. Nc5 Rb8 23. Rc1 Ne7 24. Rd8 f6 25. Rxf8+ Kxf8 26. Qd6 Ra8 27. Nxe6+
Bxe6 28. Qxe6 Rd8 29. Rc7 Qf7 30. Qxf7+ Kxf7 31. Bxb7 Rd1+ 32. Kg2 Nd3 33. Bxa6
Nxb2 34. Rc2 Na4 35. Bc4+ Kg6 36. Bb3 Nb6 37. Rc7 Rd7 38. Rxd7 Nxd7 39. Nc4 Nc5
40. Bc2+ Kf7 41. Kf3 Ke6 42. e4 Nc6 43. Ke3 Nb4 44. Bb3 Kd7 45. a3 Nc6 46. Bc2
Ke6 47. f4 g6 48. Nb2 Kd6 49. Nd3 Nb7 50. Ba4 Nba5 51. Bxc6 Kxc6 52. Kd4 Nb3+
53. Kc3 Na5 54. Nb4+ Kc5 55. a4 Nc4 56. Nd3+ 1-0

[Event "South Wales New Year 2020"]
[Site "Bridgend"]
[Date "2020.01.04"]
[Round "2.8"]
[White "Denham-Kennedy, Colin"]
[Black "Gay, Conor"]
[Result "0-1"]
[WhiteElo "1638"]
[BlackElo "1946"]
[PlyCount "70"]
[EventDate "2020.01.03"]
[EventType "swiss"]
[EventRounds "5"]
[EventCountry "WLS"]
[SourceDate "2020.01.04"]

1. d4 Nf6 2. Nf3 d5 3. Bf4 e6 4. Nbd2 Bd6 5. Bxd6 Qxd6 6. e3 O-O 7. c3 Nbd7 8.
Qc2 e5 9. dxe5 Nxe5 10. Nxe5 Qxe5 11. Nf3 Qe7 12. Be2 Re8 13. h3 Ne4 14. Bd3
Bf5 15. Bxe4 Bxe4 16. Qd1 c5 17. O-O Rad8 18. Nd2 Bf5 19. Qf3 Bd3 20. Rfe1 Rd6
21. Nb3 Rg6 22. Qf4 b6 23. Nd2 Qd7 24. Kh2 h6 25. e4 Rf6 26. Qg3 dxe4 27. Rad1
Qf5 28. Nxe4 Bxe4 29. f3 Bc6 30. Rxe8+ Bxe8 31. Rd8 Re6 32. Ra8 Kh7 33. Rxa7
Rg6 34. Qf2 Bc6 35. Qe3 Qc2 0-1

[Event "South Wales New Year 2020"]
[Site "Bridgend"]
[Date "2020.01.04"]
[Round "2.9"]
[White "Payne, David J"]
[Black "Pinch, David"]
[Result "1-0"]
[WhiteElo "1943"]
[BlackElo "1669"]
[PlyCount "87"]
[EventDate "2020.01.03"]
[EventType "swiss"]
[EventRounds "5"]
[EventCountry "WLS"]
[SourceDate "2020.01.04"]

1. d4 Nf6 2. Nf3 g6 3. Bf4 d6 4. Nbd2 Bg7 5. e4 Bg4 6. Bd3 c5 7. c3 O-O 8. h3
Bxf3 9. Nxf3 cxd4 10. cxd4 Nc6 11. O-O Nd7 12. Be3 e5 13. d5 Ne7 14. Rc1 f5 15.
Ng5 Rf6 16. Ne6 Rxe6 17. dxe6 Nf8 18. exf5 gxf5 19. Qh5 e4 20. Qf7+ Kh8 21. Be2
Nfg6 22. Bg5 Qf8 23. Bxe7 Qxf7 24. exf7 Nxe7 25. Rc7 Nd5 26. Rxb7 Nf4 27. Bb5
d5 28. Rc1 a6 29. Bf1 d4 30. g3 Ng6 31. Be2 f4 32. gxf4 Nxf4 33. Kf1 Nxh3 34.
Re7 Rf8 35. Rxe4 Rxf7 36. Rc8+ Bf8 37. Rxd4 Kg7 38. Rg4+ Kh8 39. f3 Nf4 40. Bc4
h5 41. Bxf7 hxg4 42. fxg4 Kg7 43. Bc4 Ng6 44. Bxa6 1-0

[Event "South Wales New Year 2020"]
[Site "Bridgend"]
[Date "2020.01.04"]
[Round "2.10"]
[White "Ong, Weng Yan"]
[Black "Bevan, Peter M"]
[Result "0-1"]
[WhiteElo "1653"]
[BlackElo "1889"]
[PlyCount "142"]
[EventDate "2020.01.03"]
[EventType "swiss"]
[EventRounds "5"]
[EventCountry "WLS"]
[SourceDate "2020.01.04"]

1. e4 c5 2. Nf3 g6 3. d4 cxd4 4. Qxd4 Nf6 5. Nc3 Nc6 6. Qa4 d6 7. Bb5 Bd7 8.
Be3 a6 9. Be2 Bg7 10. Qb3 b5 11. O-O O-O 12. a4 Be6 13. Nd5 Nxe4 14. axb5 axb5
15. Qxb5 Bd7 16. Rxa8 Qxa8 17. Nxe7+ Nxe7 18. Qxd7 Nf5 19. Qa7 Nxe3 20. Qxe3
Bxb2 21. Bd3 Re8 22. Qb6 Bc3 23. Qc7 Bb4 24. Qc4 Bc5 25. Bxe4 Rxe4 26. Qd3 Qe8
27. Nd2 Re2 28. Nb3 Rxf2 29. Nxc5 Rxf1+ 30. Kxf1 dxc5 31. c4 Qe5 32. h3 Kg7 33.
Kf2 h5 34. Kf3 h4 35. Qe4 Qc3+ 36. Kf2 Qg3+ 37. Ke2 Qg5 38. Kf3 Qg3+ 39. Ke2 g5
40. Qd5 f6 41. Qb7+ Kh6 42. Qe4 Qe5 43. Kf3 Kg7 44. Qb7+ Kg6 45. Qe4+ Qxe4+ 46.
Kxe4 f5+ 47. Kd5 f4 48. Kxc5 g4 49. Kd6 f3 50. gxf3 gxf3 51. c5 f2 52. c6 f1=Q
53. c7 Qf4+ 54. Kd7 Qd4+ 55. Ke7 Qc5+ 56. Kd7 Qd5+ 57. Ke7 Qc6 58. Kd8 Qd6+ 59.
Kc8 Kf6 60. Kb8 Qb6+ 61. Ka8 Qa6+ 62. Kb8 Qb5+ 63. Ka7 Qc5+ 64. Kb7 Qe7 65. Ka8
Qd7 66. Kb8 Kf5 67. c8=Q Qxc8+ 68. Kxc8 Kf4 69. Kd7 Kg3 70. Ke6 Kxh3 71. Kf5
Kg2 0-1

[Event "South Wales New Year 2020"]
[Site "Bridgend"]
[Date "2020.01.04"]
[Round "2.11"]
[White "Downey, Keith"]
[Black "Morgans, Justin"]
[Result "1/2-1/2"]
[WhiteElo "1820"]
[BlackElo "1613"]
[PlyCount "59"]
[EventDate "2020.01.03"]
[EventType "swiss"]
[EventRounds "5"]
[EventCountry "WLS"]
[SourceDate "2020.01.04"]

1. c4 f5 2. Nc3 Nf6 3. g3 e6 4. Bg2 Be7 5. Nf3 c6 6. d4 d5 7. b3 Nbd7 8. O-O
Ne4 9. Bb2 Ndf6 10. Ne5 Bd7 11. f3 Nxc3 12. Bxc3 O-O 13. Qd3 Be8 14. Rae1 Nd7
15. Nxd7 Qxd7 16. f4 Bg6 17. e3 Rf6 18. Rb1 h6 19. b4 a6 20. c5 Bh7 21. a4 Rff8
22. Rb2 Rfb8 23. Rfb1 b5 24. cxb6 Rxb6 25. b5 axb5 26. axb5 Rab8 27. Bf1 Rxb5
28. Rxb5 Rxb5 29. Rxb5 cxb5 30. Qxb5 1/2-1/2

[Event "South Wales New Year 2020"]
[Site "Bridgend"]
[Date "2020.01.04"]
[Round "2.12"]
[White "Smith, Lynda"]
[Black "Smith, George"]
[Result "1-0"]
[WhiteElo "1793"]
[BlackElo "1531"]
[PlyCount "87"]
[EventDate "2020.01.03"]
[EventType "swiss"]
[EventRounds "5"]
[EventCountry "WLS"]
[SourceDate "2020.01.04"]

1. f4 d5 2. Nf3 c6 3. g3 e6 4. Bg2 f5 5. d3 Bc5 6. e3 Nf6 7. Nc3 O-O 8. O-O b6
9. Na4 Bd6 10. b3 Bb7 11. Bb2 Nbd7 12. Re1 Nc5 13. Nxc5 Bxc5 14. a3 b5 15. Nd4
Re8 16. c4 bxc4 17. bxc4 Qd7 18. Nb3 Bb6 19. c5 Bd8 20. Qd2 Rf8 21. Rab1 Rb8
22. Bd4 Bc7 23. Rb2 Qe7 24. Reb1 Nd7 25. e4 e5 26. fxe5 fxe4 27. Na5 Ba8 28.
Rxb8 Rxb8 29. Rxb8+ Nxb8 30. dxe4 Bxe5 31. Bxe5 Qxe5 32. exd5 cxd5 33. c6 Qa1+
34. Kf2 Qf6+ 35. Bf3 Na6 36. Qxd5+ Kf8 37. Nc4 Qf7 38. Qd8+ Qe8 39. c7 Nxc7 40.
Qxc7 Bxf3 41. Qf4+ Kg8 42. Qxf3 Qb5 43. Qa8+ Kf7 44. Nd6+ 1-0